| 000 | 00599nam a22002057a 4500 | ||
|---|---|---|---|
| 005 | 20210422062811.0 | ||
| 008 | 201228s1972 ||||| |||| 00| 0 eng d | ||
| 040 |
_aeng _cDLC _deng |
||
| 041 | _aeng | ||
| 080 |
_a61 _bH-93 |
||
| 100 |
_9389 _aHurst, J. Willis _dEditor |
||
| 245 |
_aThe Problem Oriented System _c/ by: MEDCOM Learning Systems |
||
| 260 |
_aNew York _bMEDCOM Learning Systems _c1972 |
||
| 300 |
_a287 p. _bill. |
||
| 490 | _3Medcom Medical Update Series | ||
| 650 | 0 |
_969 _aMedicine |
|
| 653 | _aმედიცინა | ||
| 700 |
_9376 _aWalker,H.Kenneth _eEditor |
||
| 942 |
_2udc _cBK |
||
| 999 |
_c816 _d816 |
||